Quebonafide - Erotyka - Statystyki

Ogólne statystyki
  • Ten quiz został rozwiązany 5 razy
  • Średni wynik to 7 z 13
Statystyki odpowiedzi
Erotyka % Poprawnych
Ciernie Remix
100%
Jackass
67%
Jackass (Remix)
67%
Loki
67%
Pareidolia
67%
Sukces? (Errata)
67%
Voodoo Remix
67%
Ciuchy, kobiety... (SB Maffija Remix)
33%
Cotidie Morimur
33%
House of Cards
33%
Imponderabilia
33%
Pijmy wino za kolegów
33%
Solipsyzm
33%
Nie znaleziono quizów pasujących do podanych kryteriów
Rozkład punktacji
Procent ludzi z każdym wynikiem
Percentyl według liczby udzielonych odpowiedzi
Twoja historia wyników
Nie rozwiązałeś tego quizu